| 000 -LEADER |
| fixed length control field |
00445nam a2200157Ia 4500 |
| 003 - CONTROL NUMBER IDENTIFIER |
| control field |
OSt |
| 005 - DATE AND TIME OF LATEST TRANSACTION |
| control field |
20190918151802.0 |
| 008 - FIXED-LENGTH DATA ELEMENTS--GENERAL INFORMATION |
| fixed length control field |
190722s9999 xx 000 0 und d |
| 020 ## - INTERNATIONAL STANDARD BOOK NUMBER |
| International Standard Book Number |
978-0130668301 |
| 040 ## - CATALOGING SOURCE |
| Transcribing agency |
maju |
| 100 ## - MAIN ENTRY--PERSONAL NAME |
| Personal name |
Robert A. Witte |
| 245 #0 - TITLE STATEMENT |
| Title |
Electronic Test Instruments (Analog and Digital Measurements) |
| 260 ## - PUBLICATION, DISTRIBUTION, ETC. (IMPRINT) |
| Place of publication, distribution, etc |
New Delhi |
| Name of publisher, distributor, etc |
Dorling Kindersley Pvt. Ltd. Publishing Pearson Ed. Ltd. |
| Date of publication, distribution, etc |
2008 |
| 300 ## - PHYSICAL DESCRIPTION |
| Extent |
371 |
| 942 ## - ADDED ENTRY ELEMENTS (KOHA) |
| Koha item type |
Books |
| Source of classification or shelving scheme |
|